The future of valuations (Record no. 116100)

MARC details
000 -LEADER
fixed length control field 01763cam a22002895a 4500
001 - CONTROL NUMBER
control field L159744
008 - FIXED-LENGTH DATA ELEMENTS--GENERAL INFORMATION
fixed length control field 150226s2017 xxk f 000 0 eng d
035 ## - SYSTEM CONTROL NUMBER
System control number (Sirsi) u159744
041 0# - LANGUAGE CODE
Language code of text/sound track or separate title eng
110 2# - MAIN ENTRY--CORPORATE NAME
Corporate name or jurisdiction name as entry element Royal Institution of Chartered Surveyors
9 (RLIN) 4900
245 04 - TITLE STATEMENT
Title The future of valuations
Remainder of title The relevance of real estate valuations for institutional investors and banks - views from a European expert group
Medium [electronic resource]
260 ## - PUBLICATION, DISTRIBUTION, ETC.
Place of publication, distribution, etc. London
Name of publisher, distributor, etc. RICS
Date of publication, distribution, etc. 2017
490 ## - SERIES STATEMENT
Series statement RICS Insight
490 #0 - SERIES STATEMENT
Series statement RICS Research
520 ## - SUMMARY, ETC.
Summary, etc. Examines the challenges facing the global valuation profession drawing on the experience and opinions of an expert panel. Exploring technological developments (such as Automated Valuation Models, Big Data, Artificial Intelligence and Blockchain) as well as changing client expectations, including the future value of a building and taking into account sustainability, the paper gives a number of recommendations for further debate. These include the need for valuers to update their skill set; whether the valuer could, or should take on an advisory role next to the traditional role of providing a (market) value; and a plea for the development of data standards as lack of high quality and consistent data continues to be a source of concern.
590 ## - LOCAL NOTE (RLIN)
Local note KA
650 24 - SUBJECT ADDED ENTRY--TOPICAL TERM
Topical term or geographic name entry element REAL ESTATE VALUATION
650 24 - SUBJECT ADDED ENTRY--TOPICAL TERM
Topical term or geographic name entry element Investments
9 (RLIN) 6250
650 24 - SUBJECT ADDED ENTRY--TOPICAL TERM
Topical term or geographic name entry element TECHNOLOGY
650 24 - SUBJECT ADDED ENTRY--TOPICAL TERM
Topical term or geographic name entry element DEBATE
651 #4 - SUBJECT ADDED ENTRY--GEOGRAPHIC NAME
Geographic name Europe
690 ## - LOCAL SUBJECT ADDED ENTRY--TOPICAL TERM (OCLC, RLIN)
Topical term or geographic name as entry element Valuation
9 (RLIN) 6273
710 1# - ADDED ENTRY--CORPORATE NAME
Corporate name or jurisdiction name as entry element European Association for Investors in Non-listed Real Estate Vehicles
9 (RLIN) 4954
710 1# - ADDED ENTRY--CORPORATE NAME
Corporate name or jurisdiction name as entry element European Mortgage Federation
9 (RLIN) 3838
856 40 - ELECTRONIC LOCATION AND ACCESS
Uniform Resource Identifier <a href="https://www.rics.org/news-insights/research-and-insights/the-future-of-valuations">https://www.rics.org/news-insights/research-and-insights/the-future-of-valuations</a>
Public note Available on RICS.org
942 ## - ADDED ENTRY ELEMENTS (KOHA)
Suppress in OPAC 0
Source of classification or shelving scheme Dewey Decimal Classification
Holdings
Withdrawn status Lost status Source of classification or shelving scheme Damaged status Not for loan Home library Current library Shelving location Date acquired Total Checkouts Full call number Barcode Date last seen Copy number Price effective from Koha item type
    Dewey Decimal Classification     Virtual Virtual Online 18/12/2017   ONLINE PUBLICATION 159744-2001 06/08/2019 1 06/08/2019 Book